[Event "GER-chT U16"]
[Site "Darmstadt"]
[Date "2022.12.28"]
[Round "3"]
[White "Kossert, Simon"]
[Black "Tang, Shunjie Roger"]
[Result "1-0"]
[WhiteElo "1299"]
[BlackElo "1217"]
[PlyCount "45"]
[EventDate "2022.12.26"]
[EventType "team-swiss"]
[EventRounds "7"]
[EventCountry "GER"]
[SourceTitle "CBM 212 Extra"]
[Source "ChessBase"]
[SourceDate "2023.03.31"]
[SourceVersion "1"]
[SourceVersionDate "2023.03.31"]
[SourceQuality "1"]
[WhiteTeam "Karlsruhe"]
[BlackTeam "Neureut"]
[WhiteTeamCountry "GER"]
[BlackTeamCountry "GER"]

1. e4 c5 2. Nf3 d6 3. d4 cxd4 4. Nxd4 Nf6 5. Nc3 g6 6. f3 Bg7 7. Be3 Bd7 8. Qd2 Nc6 9. Nxc6 Bxc6 10. g4 e5 11. 0-0-0 Ke7 12. g5 Ng8 13. Bc4 h6 14. f4 hxg5 15. fxg5 Rh4 16. Rhf1 f5 17. gxf6+ Nxf6 18. Bg5 Rh7 19. Nd5+ Bxd5 20. Qxd5 Bh8 21. Bxf6+ Bxf6 22. Qe6+ Kf8 23. Qg8+ 1-0

[Event "GER-chT U16"]
[Site "Darmstadt"]
[Date "2022.12.28"]
[Round "4"]
[White "Roth, Andreas Christian"]
[Black "Kossert, Simon"]
[Result "1-0"]
[WhiteElo "1306"]
[BlackElo "1299"]
[PlyCount "35"]
[EventDate "2022.12.26"]
[EventType "team-swiss"]
[EventRounds "7"]
[EventCountry "GER"]
[SourceTitle "CBM 212 Extra"]
[Source "ChessBase"]
[SourceDate "2023.03.31"]
[SourceVersion "1"]
[SourceVersionDate "2023.03.31"]
[SourceQuality "1"]
[WhiteTeam "Weimar"]
[BlackTeam "Karlsruhe"]
[WhiteTeamCountry "GER"]
[BlackTeamCountry "GER"]

1. d4 Nf6 2. Nf3 g6 3. Nc3 d5 4. Bf4 Bg7 5. Qd2 Ne4 6. Nxe4 dxe4 7. Ne5 c5 8. e3 Nc6 9. Bb5 Bd7 10. Nxd7 Qxd7 11. d5 0-0-0 12. 0-0-0 Qf5 13. Bxc6 bxc6 14. Qa5 Qd7 15. Qxc5 Kb7 16. dxc6+ Qxc6 17. Qxe7+ Kc8 18. Qxa7 1-0

[Event "GER-chT Christmas U16 Lasker"]
[Site "Playchess.com INT"]
[Date "2020.12.28"]
[Round "2.4"]
[White "Doeding, Alexander Karsten"]
[Black "Kossert, Simon"]
[Result "1-0"]
[WhiteElo "990"]
[BlackElo "1299"]
[PlyCount "67"]
[EventDate "2020.12.28"]
[EventType "team-swiss (blitz)"]
[EventRounds "7"]
[EventCountry "GER"]
[SourceTitle "CBM 200 Extra"]
[Source "ChessBase"]
[SourceDate "2021.03.31"]
[SourceVersion "1"]
[SourceVersionDate "2021.03.31"]
[SourceQuality "1"]
[WhiteTeam "Rheda"]
[BlackTeam "Karlsruhe II"]
[WhiteTeamCountry "GER"]
[BlackTeamCountry "GER"]

1. e4 c5 2. Nc3 Nc6 3. f4 e6 4. Nf3 d5 5. Bb5 Nf6 6. Bxc6+ bxc6 7. d3 dxe4 8. Nxe4 Nxe4 9. dxe4 Qxd1+ 10. Kxd1 Ba6 11. Bd2 0-0-0 12. Ne5 Rd4 13. Nxf7 Rg8 14. Re1 g6 15. Kc1 Bg7 16. Bc3 Rd7 17. Bxg7 Rxf7 18. Be5 c4 19. b3 c3 20. g3 h5 21. Bxc3 g5 22. Bd2 gxf4 23. Bxf4 Re8 24. e5 Rh8 25. Kb2 h4 26. Rad1 hxg3 27. Bxg3 Kc7 28. Rd6 Re8 29. Re3 Rf5 30. Rc3 Bb7 31. b4 Rh8 32. b5 Kb6 33. bxc6 Ba6 34. c7+ 1-0

[Event "GER-chT Christmas U16 Lasker"]
[Site "Playchess.com INT"]
[Date "2020.12.28"]
[Round "7.4"]
[White "Kossert, Simon"]
[Black "Parladi, Berk"]
[Result "1-0"]
[WhiteElo "1299"]
[BlackElo "1113"]
[PlyCount "123"]
[EventDate "2020.12.28"]
[EventType "team-swiss (blitz)"]
[EventRounds "7"]
[EventCountry "GER"]
[SourceTitle "CBM 200 Extra"]
[Source "ChessBase"]
[SourceDate "2021.03.31"]
[SourceVersion "1"]
[SourceVersionDate "2021.03.31"]
[SourceQuality "1"]
[WhiteTeam "Karlsruhe II"]
[BlackTeam "Koeln Porz II"]
[WhiteTeamCountry "GER"]
[BlackTeamCountry "GER"]

1. e4 e5 2. Nf3 Nc6 3. Nc3 Bb4 4. d4 d6 5. dxe5 dxe5 6. Qxd8+ Kxd8 7. Bc4 f6 8. Be3 Bg4 9. 0-0-0+ Ke8 10. Nd5 Rc8 11. Bb5 a6 12. Bxc6+ bxc6 13. Nxb4 Ne7 14. Nxa6 Kf7 15. h3 Bh5 16. Rd5 Nxd5 17. exd5 cxd5 18. g4 Bg6 19. Nh4 Be4 20. f3 Bg6 21. Nxg6 hxg6 22. Nb4 c5 23. Nxd5 Ra8 24. a3 Rhd8 25. c4 Ra4 26. b3 Rxa3 27. Kc2 Rb8 28. Rb1 Ke6 29. Bxc5 Rc8 30. Bxa3 f5 31. g5 e4 32. fxe4 fxe4 33. Bb2 Kf7 34. Rf1+ Ke6 35. Bxg7 Rg8 36. Rf6+ Kd7 37. Rxg6 Rd8 38. Nb6+ Kc7 39. Be5+ Kb7 40. Rd6 Re8 41. Bg3 e3 42. c5 e2 43. Rd7+ Kc6 44. Rc7+ Kb5 45. Kc3 Re3+ 46. Kd2 Rxg3 47. Kxe2 Rxh3 48. Nd5 Rxb3 49. Rb7+ Kc4 50. Rxb3 Kxb3 51. g6 Kc4 52. g7 Kxd5 53. g8Q+ Kxc5 54. Qe8 Kc4 55. Qd8 Kc3 56. Qd5 Kb4 57. Qc6 Kb3 58. Kd3 Kb4 59. Qc4+ Ka3 60. Qb5 Ka2 61. Kc3 Ka1 62. Qb2# 1-0

[Event "GER-chT Christmas U16 Lasker"]
[Site "Playchess.com INT"]
[Date "2020.12.28"]
[Round "4.4"]
[White "Schiebeck, Matteo"]
[Black "Kossert, Simon"]
[Result "1-0"]
[WhiteElo "960"]
[BlackElo "1299"]
[PlyCount "137"]
[EventDate "2020.12.28"]
[EventType "team-swiss (blitz)"]
[EventRounds "7"]
[EventCountry "GER"]
[SourceTitle "CBM 200 Extra"]
[Source "ChessBase"]
[SourceDate "2021.03.31"]
[SourceVersion "1"]
[SourceVersionDate "2021.03.31"]
[SourceQuality "1"]
[WhiteTeam "Nordhausen"]
[BlackTeam "Karlsruhe II"]
[WhiteTeamCountry "GER"]
[BlackTeamCountry "GER"]

1. e4 c5 2. Bc4 e6 3. Nf3 d5 4. exd5 exd5 5. Bb5+ Bd7 6. Bxd7+ Nxd7 7. 0-0 Ngf6 8. Re1+ Be7 9. d4 0-0 10. dxc5 Bxc5 11. Bg5 h6 12. Bh4 Rc8 13. Nc3 Bb4 14. a3 Bxc3 15. bxc3 Rxc3 16. Qd2 Rc6 17. Rab1 b6 18. Nd4 Rc4 19. Bxf6 Nxf6 20. Nf5 Re8 21. Rxe8+ Qxe8 22. Re1 Re4 23. Rxe4 Qxe4 24. Ne3 d4 25. Nc4 Nd5 26. Nd6 Qe5 27. Nc4 Qe4 28. h3 b5 29. Nd6 Qf4 30. Qxf4 Nxf4 31. Nxb5 Ne6 32. Nxa7 f5 33. Nb5 Kf7 34. a4 Kf6 35. Nd6 Ke5 36. Nf7+ Ke4 37. a5 Nc5 38. Nd6+ Kd5 39. Nxf5 Kc4 40. h4 Kc3 41. g3 Ne4 42. a6 Nc5 43. a7 Kxc2 44. Nxd4+ Kc3 45. Nf5 Nd3 46. a8Q Nb4 47. Nxg7 Kd2 48. Qf3 Nc2 49. Qf4+ Kc3 50. Qc7+ Kd2 51. Kf1 Kc1 52. Qa5 Kb2 53. Qb5+ Kc3 54. Nf5 Kd2 55. Nd4 Kc3 56. Qb3+ Kxd4 57. Qxc2 Kd5 58. Qa4 Ke5 59. Ke2 Kd5 60. Ke3 Ke5 61. Qa5+ Ke6 62. Kf4 Kf6 63. Qa6+ Kg7 64. Kf5 Kf7 65. Qa7+ Kg8 66. Kf6 Kh8 67. Kg6 h5 68. f3 Kg8 69. Qa8# 1-0

[Event "GER-chT School WK 3"]
[Site "Playchess.com INT"]
[Date "2020.06.15"]
[Round "2.3"]
[White "Kossert, Simon"]
[Black "Muho, Joel"]
[Result "1-0"]
[WhiteElo "1623"]
[BlackElo "1484"]
[PlyCount "75"]
[EventDate "2020.06.15"]
[EventType "team-swiss (blitz)"]
[EventRounds "5"]
[EventCountry "GER"]
[SourceTitle "EXT 2021"]
[Source "ChessBase"]
[SourceDate "2020.10.23"]
[SourceVersion "1"]
[SourceVersionDate "2020.10.23"]
[SourceQuality "1"]
[WhiteTeam "Karlsruhe Humboldt Gymn"]
[BlackTeam "St Blasien Kolleg"]
[WhiteTeamCountry "GER"]
[BlackTeamCountry "GER"]

1. e4 e5 2. Nf3 Nc6 3. Nc3 b6 4. d4 Bb7 5. dxe5 Na5 6. Bd3 f6 7. exf6 gxf6 8. 0-0 h5 9. Re1 h4 10. Bf4 h3 11. g4 Nh6 12. g5 Ng4 13. gxf6 Qxf6 14. Bxc7 Rc8 15. Bg3 Bc5 16. Re2 Bxf2+ 17. Rxf2 Nxf2 18. Kxf2 Rf8 19. Be2 Qc6 20. Bb5 Qc5+ 21. Kf1 Rf7 22. Qd3 a6 23. Bxa6 Bxa6 24. Qxa6 Rxf3+ 25. Ke1 Qg1+ 26. Ke2 Qg2+ 27. Ke1 Re3+ 28. Ne2 Rxc2 29. Qa8+ Kf7 30. Qd5+ Ke8 31. Qh5+ Kd8 32. Qg5+ Kc8 33. Qxe3 Qh1+ 34. Qg1 Qxe4 35. Qf2 Qb4+ 36. Kf1 Qd2 37. Qf8+ Kb7 38. Qd6 1-0

[Event "GER-chT U12"]
[Site "Magdeburg"]
[Date "2019.12.27"]
[Round "1.1"]
[White "Freude, Paul"]
[Black "Kossert, Simon"]
[Result "1-0"]
[WhiteElo "1491"]
[BlackElo "1343"]
[PlyCount "72"]
[EventDate "2019.12.27"]
[EventType "team-swiss"]
[EventRounds "7"]
[EventCountry "GER"]
[SourceTitle "CBM 194 Extra"]
[Source "ChessBase"]
[SourceDate "2020.03.31"]
[SourceVersion "1"]
[SourceVersionDate "2020.03.31"]
[SourceQuality "1"]
[WhiteTeam "Berlin Empor"]
[BlackTeam "Karlsruhe SF"]
[WhiteTeamCountry "GER"]
[BlackTeamCountry "GER"]

1. e4 c5 2. Nf3 Nc6 3. d4 cxd4 4. Nxd4 Nf6 5. Nc3 e6 6. Be3 Bb4 7. f3 0-0 8. Be2 d5 9. Nxc6 bxc6 10. e5 Nd7 11. f4 f6 12. exf6 Qxf6 13. 0-0 Bxc3 14. bxc3 Qxc3 15. Bd4 Qa5 16. Bd3 c5 17. Qh5 g6 18. Bxg6 Nf6 19. Bxh7+ Kh8 20. Bxf6+ Rxf6 21. Rf3 Qc7 22. Bd3+ Kg8 23. Qh4 Rf7 24. Rh3 Kf8 25. Qg5 Ke8 26. Bb5+ Bd7 27. Qg8+ Rf8 28. Qxe6+ Kd8 29. Qxd5 Rb8 30. Bxd7 Qxd7 31. Qxc5 Rc8 32. Qxf8+ Kc7 33. Qc5+ Kb8 34. Rb1+ Ka8 35. Qe5 Re8 36. Rh8 Qd1+ 1-0

[Event "GER-chT U10"]
[Site "Magdeburg"]
[Date "2017.12.27"]
[Round "1.1"]
[White "Haenselmann, Hendrik"]
[Black "Kossert, Simon"]
[Result "1-0"]
[WhiteElo "1675"]
[BlackElo "1087"]
[PlyCount "35"]
[EventDate "2017.12.27"]
[EventType "team-swiss"]
[EventRounds "7"]
[EventCountry "GER"]
[SourceTitle "EXT 2019"]
[Source "ChessBase"]
[SourceDate "2018.10.10"]
[SourceVersion "1"]
[SourceVersionDate "2018.10.10"]
[SourceQuality "1"]
[WhiteTeam "Karlsruhe SF"]
[BlackTeam "Karlsruhe SF II"]
[WhiteTeamCountry "GER"]
[BlackTeamCountry "GER"]

1. e4 e5 2. Nf3 Nc6 3. Nc3 f5 4. Bb5 fxe4 5. Nxe4 d5 6. Nc3 Bd6 7. Nxd5 Be6 8. Nc3 Qd7 9. 0-0 0-0-0 10. d4 exd4 11. Bxc6 Qxc6 12. Nxd4 Qd7 13. Nf3 Qf7 14. Qe2 Nf6 15. Ng5 Qe7 16. Qxe6+ Rd7 17. Qxe7 Rxe7 18. Bd2 1-0